00464 2200157 4500245007100000250001100071100003600082700003500118650002900153005001900182260004400201041001400245084001300259300002500272336000900297 a40 Manfaat Sholat BerjamaahcAbu Abdillah Musnid al-QahthanihText aCet. 3 aAbu Abdillah Musnid al-Qahthani aAinul Haris Umar Arifin Thayib aManfaat Shalat Berjamaah a20230330084235 aJakartabYayasan Al-Sofwa Jakartac2011 aIndonesia a297.3822 ax, 94 hlm. :c18 cm. atext